[Event "HCL-C057"]
[Site "www.playchess.de"]
[Date "2001.02.05"]
[Round "30"]
[White "Nunogomez"]
[Black "dazzle"]
[WhiteElo "676"]
[BlackElo "1082"]
[PlyCount "55"]
[Result "1/2-1/2"]

1.e4 d6 2.b3 a6 3.Bb2 Nc6 4.Nf3 e5 5.Be2 Nf6 6.O-O 
Nxe4 7.d3 Nf6 8.Re1 h6 9.d4 Be7 10.dxe5 Nxe5 
11.Nxe5 dxe5 12.Qxd8+ Bxd8 13.Bxe5 O-O 14.Nc3 Bf5 
15.Rac1 c6 16.Bd3 Bxd3 17.cxd3 Rc8 18.Ne4 Bc7 
19.Bxf6 gxf6 20.Nxf6+ Kh8 21.Rc5 Kg7 22.Nh5+ Kh8 
23.Re4 Rfe8 24.Rxe8+ Rxe8 25.g3 Bb6 26.Rc4 Re2 
27.Rf4 Rxa2 28.Rxf7 1/2-1/2

[Event "HCL-C057"]
[Site "www.playchess.de"]
[Date "2001.02.05"]
[Round "31"]
[White "dazzle"]
[Black "Cosmo"]
[WhiteElo "1082"]
[BlackElo "1000"]
[PlyCount "92"]
[Result "0-1"]

1.d4 e6 2.Nf3 d5 3.e3 Bb4+ 4.Bd2 Bd6 5.a3 Nf6 
6.Nc3 a6 7.h3 O-O 8.Be2 Nc6 9.Bd3 e5 10.dxe5 Bxe5 
11.e4 Bxc3 12.Bxc3 dxe4 13.Bxf6 Qxf6 14.Bxe4 Re8 
15.Qd3 Bf5 16.O-O Bxe4 17.Qb3 Bxf3 18.Qxf3 Qxf3 
19.gxf3 Nd4 20.c3 Nxf3+ 21.Kg2 Nh4+ 22.Kh2 Nf3+ 
23.Kg3 Nd2 24.Rfe1 Rxe1 25.Rxe1 Kf8 26.Rd1 Ne4+ 
27.Kf3 Ng5+ 28.Kg3 Ke7 29.Re1+ Kf6 30.f4 Ne6 
31.Re5 Rd8 32.Kg4 g6 33.h4 Rd2 34.b4 Rd3 35.f5 Ng7 
36.Rc5 Nxf5 37.a4 Rg3+ 38.Kf4 c6 39.c4 h5 40.b5 
Rg4+ 41.Kf3 Nxh4+ 42.Ke3 Nf5+ 43.Kd3 axb5 44.axb5 
cxb5 45.cxb5 Nd6 46.b6 Rb4 0-1

[Event "HCL-C057"]
[Site "www.playchess.de"]
[Date "2001.02.05"]
[Round "33"]
[White "dazzle"]
[Black "TomAU"]
[WhiteElo "1082"]
[BlackElo "1004"]
[PlyCount "54"]
[Result "0-1"]

1.d4 Nf6 2.Nf3 c5 3.Nc3 e6 4.e3 b6 5.a3 Bb7 6.Be2 
d5 7.h3 Bd6 8.Bd3 c4 9.Be2 a6 10.Bd2 b5 11.b3 O-O 
12.bxc4 dxc4 13.e4 Nxe4 14.Nxe4 Bxe4 15.Bc3 Nc6 
16.Qd2 Qc7 17.a4 b4 18.Bb2 c3 19.Bxc3 bxc3 20.Qxc3 
Bb4 21.Qxb4 Nxb4 22.O-O Nxc2 23.Rac1 Qd7 24.a5 
Nxd4 25.Rcd1 Nxe2+ 26.Kh2 Qc7+ 27.g3 
Bxf3 0-1

[Event "HCL-C057"]
[Site "www.playchess.de"]
[Date "2001.02.05"]
[Round "34"]
[White "Cooldude"]
[Black "dazzle"]
[WhiteElo "960"]
[BlackElo "1082"]
[PlyCount "43"]
[Result "1-0"]

1.e4 Nc6 2.Nf3 e5 3.d4 f6 4.dxe5 fxe5 5.Bc4 Nf6 
6.Bg5 Be7 7.Nc3 a6 8.Bxf6 Bxf6 9.Nd5 d6 10.h3 Be6 
11.Qd2 Ne7 12.Nxf6+ gxf6 13.Bxe6 Ng6 14.Qh6 Qe7 
15.Bf5 d5 16.Bxg6+ Kd8 17.Rd1 Kd7 18.Rxd5+ Ke6 
19.Bf5+ Kf7 20.Rd7 Rae8 21.Rxe7+ Rxe7 
22.Bxh7 1-0

[Event "HCL-C057"]
[Site "www.playchess.de"]
[Date "2001.02.05"]
[Round "35"]
[White "dazzle"]
[Black "JeanPierre"]
[WhiteElo "1082"]
[BlackElo "1601"]
[PlyCount "80"]
[Result "0-1"]

1.d4 Nf6 2.Nf3 b6 3.Nc3 e6 4.a3 Ba6 5.Nd2 d5 6.e3 
Bxf1 7.Nxf1 c5 8.dxc5 Bxc5 9.Nd2 d4 10.Nce4 dxe3 
11.Nxc5 exd2+ 12.Bxd2 bxc5 13.c4 O-O 14.O-O Ne4 
15.Bf4 Qxd1 16.Raxd1 Nc6 17.Rfe1 Rad8 18.Be3 Rxd1 
19.Rxd1 Ne5 20.h3 Nxc4 21.b4 Nxe3 22.fxe3 cxb4 
23.axb4 Rb8 24.Kh2 f5 25.Rd7 a6 26.Ra7 Rxb4 
27.Rxa6 Kf7 28.Ra7+ Kf6 29.Ra8 Rb3 30.Ra4 Rxe3 
31.Ra1 Re2 32.Ra8 f4 33.Rf8+ Ke7 34.Rxf4 e5 35.Rh4 
h6 36.Rh5 Kf6 37.Rh4 Kg6 38.Rg4+ Kh7 39.Rg3 Nxg3 
40.Kxg3 e4 0-1

[Event "HCL-C057"]
[Site "www.playchess.de"]
[Date "2001.02.05"]
[Round "36"]
[White "surak"]
[Black "dazzle"]
[WhiteElo "1000"]
[BlackElo "1082"]
[PlyCount "49"]
[Result "1-0"]

1.e4 e5 2.Nf3 d6 3.d4 Nf6 4.dxe5 dxe5 5.Nxe5 Be6 
6.Qxd8+ Kxd8 7.Bg5 Be7 8.Bxf6 gxf6 9.Nf3 Nc6 
10.Bb5 Bd7 11.Nc3 Nb4 12.Rd1 c6 13.Ba4 Re8 14.a3 
Na6 15.O-O Kc7 16.Bb3 Rad8 17.Bxf7 Ref8 18.Bc4 f5 
19.exf5 Rxf5 20.Bxa6 bxa6 21.Rfe1 h5 22.Rxe7 Rff8 
23.Ne5 Rfe8 24.Rexd7+ Kc8 25.R7xd8+ 1-0

[Event "HCL-B077"]
[Site "www.playchess.de"]
[Date "2001.02.05"]
[Round "1"]
[White "dmitry"]
[Black "Ghostdog"]
[WhiteElo "1308"]
[BlackElo "1656"]
[PlyCount "41"]
[Result "1-0"]

1.e4 c6 2.d4 d5 3.e5 Bf5 4.g4 Bg6 5.f4 h6 6.Nf3 e6 
7.h4 Be7 8.Nc3 Bb4 9.Bd3 Bxc3+ 10.bxc3 Bxd3 
11.Qxd3 Nd7 12.Ba3 Qa5 13.Bb4 Qa4 14.f5 Rc8 
15.fxe6 g6 16.exd7+ Kxd7 17.O-O b6 18.e6+ Kxe6 
19.Rae1+ Kf6 20.Ne5+ Kg7 21.Rxf7+ 1-0

[Event "HCL-B077"]
[Site "www.playchess.de"]
[Date "2001.02.05"]
[Round "2"]
[White "Federviech"]
[Black "dmitry"]
[WhiteElo "1147"]
[BlackElo "1308"]
[PlyCount "98"]
[Result "0-1"]

1.d4 Nf6 2.Bg5 e6 3.Nc3 d5 4.f3 c5 5.e4 h6 6.Bxf6 
Qxf6 7.exd5 cxd4 8.Ne4 Qe5 9.dxe6 fxe6 10.c3 Nc6 
11.Ne2 dxc3 12.N2xc3 Bb4 13.Qd2 Nd4 14.O-O-O Nc6 
15.Bb5 Be7 16.f4 Qc7 17.Na4 g5 18.g3 a6 19.Bc4 b5 
20.Bxb5 axb5 21.Nac3 Nb4 22.a3 Na2+ 23.Kb1 Nxc3+ 
24.Nxc3 b4 25.Nb5 Qb8 26.Nd6+ Bxd6 27.Qxd6 Qxd6 
28.Rxd6 bxa3 29.bxa3 gxf4 30.gxf4 Rxa3 31.Rc6 O-O 
32.Kb2 Ra4 33.Rf1 Ba6 34.Rf2 Bc4 35.Kc3 Bd5 36.Rd6 
Raxf4 37.Re2 R4f2 38.Re5 Rxh2 39.Re1 Rf3+ 40.Kd4 
Rh4+ 41.Kc5 Rc4+ 42.Kb5 Rb3+ 43.Ka5 Rc8 44.Ra6 
Rcb8 45.Rg1+ Kh8 46.Ka4 R3b2 47.Ra1 h5 48.Ka3 h4 
49.Ra4 R8b3+ 0-1

[Event "HCL-B077"]
[Site "www.playchess.de"]
[Date "2001.02.05"]
[Round "3"]
[White "Ghostdog"]
[Black "Federviech"]
[WhiteElo "1656"]
[BlackElo "1147"]
[PlyCount "75"]
[Result "1-0"]

1.e4 Nf6 2.e5 Ng4 3.Qxg4 d6 4.Qg3 Nc6 5.exd6 cxd6 
6.Bb5 Qa5 7.Bxc6+ bxc6 8.Qc3 Qe5+ 9.Qxe5 dxe5 
10.d3 Bf5 11.Nc3 e6 12.Nf3 Bd6 13.Be3 O-O 14.Nh4 
Rab8 15.Nxf5 exf5 16.b3 Ba3 17.Ne2 e4 18.dxe4 Rfd8 
19.Bxa7 Bb4+ 20.c3 Rb7 21.Be3 Ba3 22.O-O fxe4 
23.Rfd1 Rbd7 24.Rxd7 Rxd7 25.Re1 Rd2 26.Bxd2 f5 
27.Nd4 g6 28.Nxc6 Bc5 29.Bh6 Kf7 30.Rd1 Ke6 31.a4 
e3 32.Bxe3 Ba3 33.a5 Bb2 34.a6 Bxc3 35.a7 h5 
36.a8Q h4 37.Qe8+ Kf6 38.Qe7+ 1-0

[Event "HCL-B077"]
[Site "www.playchess.de"]
[Date "2001.02.05"]
[Round "4"]
[White "dmitry"]
[Black "Angelus"]
[WhiteElo "1308"]
[BlackElo "1428"]
[PlyCount "59"]
[Result "1-0"]

1.e4 c5 2.Nf3 d6 3.d4 cxd4 4.Nxd4 Nf6 5.Nc3 g6 
6.Bg5 Bg7 7.Qd2 O-O 8.Bh6 Nc6 9.Bxg7 Kxg7 10.O-O-O 
a6 11.Nxc6 bxc6 12.e5 Ng4 13.exd6 exd6 14.h3 Ne5 
15.Qxd6 Qg5+ 16.Qd2 Qxd2+ 17.Rxd2 Be6 18.g4 Rfe8 
19.Bg2 Rac8 20.Rhd1 Rc7 21.R2d6 Rec8 22.b3 Nd7 
23.Ne4 h6 24.f4 a5 25.Nf2 Nc5 26.Nd3 Nb7 27.Rd4 
Rb8 28.Ne5 c5 29.R4d2 a4 30.Bd5 1-0

[Event "HCL-B077"]
[Site "www.playchess.de"]
[Date "2001.02.05"]
[Round "5"]
[White "Angelus"]
[Black "Ghostdog"]
[WhiteElo "1428"]
[BlackElo "1656"]
[PlyCount "51"]
[Result "1-0"]

1.d4 Nf6 2.c4 g6 3.Nc3 d5 4.g3 Bg7 5.Bg2 dxc4 
6.Nf3 Bd7 7.Ne5 c6 8.O-O Be6 9.e4 O-O 10.d5 cxd5 
11.exd5 Nxd5 12.Nxf7 Bxf7 13.Nxd5 Nc6 14.Bg5 Re8 
15.Nc3 Bxc3 16.bxc3 Qa5 17.Qd2 Rad8 18.Qc1 Rd3 
19.Be4 Rxc3 20.Qf4 Ra3 21.Bh6 Rxa2 22.Rxa2 Qxa2 
23.Bxc6 Qb2 24.Bxe8 Qf6 25.Bxf7+ Qxf7 
26.Qb8+ 1-0

[Event "HCL-B077"]
[Site "www.playchess.de"]
[Date "2001.02.05"]
[Round "6"]
[White "Federviech"]
[Black "Angelus"]
[WhiteElo "1147"]
[BlackElo "1428"]
[PlyCount "60"]
[Result "0-1"]

1.e4 c5 2.Nc3 Nc6 3.a3 g6 4.Bc4 Bg7 5.Qf3 Ne5 
6.Qf4 Nxc4 7.d3 Bh6 8.Qh4 Bxc1 9.Rxc1 Nxb2 10.Rb1 
Qa5 11.Nge2 Na4 12.Rb5 Qa6 13.O-O Nxc3 14.Nxc3 
Qxa3 15.Rxc5 Qxc5 16.Nd5 e6 17.Ne3 Ne7 18.Ng4 O-O 
19.e5 h5 20.Nh6+ Kg7 21.d4 Qa3 22.Qg5 Nf5 23.Nxf5+ 
exf5 24.Qf6+ Kg8 25.f4 Qe3+ 26.Rf2 b6 27.h3 Qxd4 
28.Qe7 Bb7 29.Qa3 Rfc8 30.g3 Rxc2 0-1

[Event "HCL-B077"]
[Site "www.playchess.de"]
[Date "2001.02.05"]
[Round "8"]
[White "Ghostdog"]
[Black "Dlastdon"]
[WhiteElo "1656"]
[BlackElo "1200"]
[PlyCount "52"]
[Result "1/2-1/2"]

1.e4 c5 2.c3 Nc6 3.d4 e5 4.d5 Nb8 5.Nf3 d6 6.Bc4 
Nf6 7.Nbd2 g6 8.O-O Bh6 9.h3 Bxd2 10.Nxd2 O-O 
11.Re1 Nbd7 12.Nf3 Nb6 13.Bb3 Nbd7 14.Bh6 Re8 
15.Ng5 Re7 16.c4 Kh8 17.Qd2 Ng8 18.Nf3 Ndf6 19.Bg5 
Rc7 20.Bd1 Qe8 21.b3 a5 22.Be2 b6 23.Bd3 Qf8 
24.Rab1 Nd7 25.Nh2 h6 26.Be3 Nb8 1/2-1/2

[Event "HCL-B077"]
[Site "www.playchess.de"]
[Date "2001.02.05"]
[Round "9"]
[White "Dlastdon"]
[Black "Federviech"]
[WhiteElo "1200"]
[BlackElo "1147"]
[PlyCount "25"]
[Result "1-0"]

1.c4 d5 2.e3 Nf6 3.Nc3 c6 4.cxd5 Bg4 5.f3 Bh5 
6.dxc6 Nxc6 7.d4 e6 8.Nge2 Bd6 9.d5 Nb4 10.e4 O-O 
11.dxe6 fxe6 12.g4 Bg6 13.Bf4 1-0

[Event "HCL-B077"]
[Site "www.playchess.de"]
[Date "2001.02.05"]
[Round "10"]
[White "Angelus"]
[Black "Dlastdon"]
[WhiteElo "1428"]
[BlackElo "1200"]
[PlyCount "65"]
[Result "1-0"]

1.e4 c5 2.Nf3 Nc6 3.Bc4 e5 4.O-O Nf6 5.Nc3 d6 
6.Ng5 Be6 7.Bxe6 fxe6 8.Nxe6 Qe7 9.Nb5 Rc8 10.Nxf8 
Qxf8 11.d3 a6 12.Nc3 Qf7 13.Bg5 Ne7 14.Bxf6 Qxf6 
15.Qg4 b5 16.Nd5 Nxd5 17.Qxc8+ Qd8 18.Qxd8+ Kxd8 
19.exd5 Rf8 20.a4 Kc7 21.axb5 axb5 22.Ra7+ Kb6 
23.Rfa1 c4 24.dxc4 bxc4 25.Rxg7 Rb8 26.Rxh7 Kc5 
27.Ra5+ Kd4 28.Rh4+ e4 29.f3 Ke3 30.Rxe4+ Kd2 
31.Rxc4 Rxb2 32.h4 Rb1+ 33.Kh2 1-0

[Event "HCL-B077"]
[Site "www.playchess.de"]
[Date "2001.02.05"]
[Round "12"]
[White "paok4"]
[Black "Ghostdog"]
[WhiteElo "1500"]
[BlackElo "1656"]
[PlyCount "32"]
[Result "0-1"]

1.e4 c6 2.Qf3 e6 3.Nc3 d5 4.d3 d4 5.Na4 b5 6.Nc3 
dxc3 7.bxc3 Nf6 8.Bg5 Be7 9.e5 Nd5 10.Bxe7 Qxe7 
11.d4 O-O 12.Nh3 f6 13.Qe4 Nxc3 14.Qf3 Nd5 15.Qe4 
Qb4+ 16.Kd1 Nc3+ 0-1

[Event "HCL-B077"]
[Site "www.playchess.de"]
[Date "2001.02.05"]
[Round "14"]
[White "paok4"]
[Black "Angelus"]
[WhiteElo "1500"]
[BlackElo "1428"]
[PlyCount "21"]
[Result "1-0"]

1.e4 e5 2.Qf3 Nc6 3.Bc4 Nf6 4.Nh3 Nd4 5.Qd3 h6 
6.c3 Nc6 7.Qf3 d6 8.d3 Be7 9.Qg3 O-O 10.Bxh6 g6 
11.Qxg6+ 1-0

[Event "HCL-A039"]
[Site "www.playchess.de"]
[Date "2001.02.05"]
[Round "1"]
[White "damage_kase"]
[Black "mrchess"]
[WhiteElo "1333"]
[BlackElo "1551"]
[PlyCount "28"]
[Result "1/2-1/2"]

1.d4 d6 2.Nf3 Nf6 3.e3 Nbd7 4.Bd3 e5 5.dxe5 dxe5 
6.e4 c6 7.Nbd2 Be7 8.b3 O-O 9.Bb2 Qc7 10.O-O Re8 
11.Nc4 Bd6 12.Nxd6 Qxd6 13.Re1 Qc7 14.c4 
c5 1/2-1/2

[Event "HCL-A039"]
[Site "www.playchess.de"]
[Date "2001.02.05"]
[Round "2"]
[White "Leonardo"]
[Black "damage_kase"]
[WhiteElo "1700"]
[BlackElo "1333"]
[PlyCount "59"]
[Result "1-0"]

1.e4 e6 2.d4 d5 3.Nc3 Nf6 4.Bg5 Be7 5.e5 Nfd7 6.h4 
c5 7.Bxe7 Qxe7 8.f4 f5 9.Nf3 cxd4 10.Nxd4 Nc6 
11.Nf3 Nc5 12.Ng5 g6 13.h5 Qg7 14.g4 Bd7 15.gxf5 
exf5 16.Qxd5 Ne6 17.Nxe6 Bxe6 18.Qxe6+ Qe7 
19.Qxe7+ Kxe7 20.hxg6 hxg6 21.Rg1 Rh6 22.O-O-O Rd8 
23.Nd5+ Kf7 24.Bc4 Kf8 25.e6 Ne7 26.Nxe7 Kxe7 
27.Rxd8 Kxd8 28.Rd1+ Kc8 29.e7 Rh8 
30.Bf7 1-0

[Event "HCL-A039"]
[Site "www.playchess.de"]
[Date "2001.02.05"]
[Round "4"]
[White "damage_kase"]
[Black "bondegnasker"]
[WhiteElo "1333"]
[BlackElo "1621"]
[PlyCount "88"]
[Result "0-1"]

1.e4 e6 2.d4 d5 3.Nc3 Bb4 4.e5 Qd7 5.a3 Bxc3+ 
6.bxc3 b6 7.Qg4 f5 8.Qh5+ Qf7 9.Qxf7+ Kxf7 10.Nh3 
h6 11.c4 Ne7 12.Nf4 Bb7 13.Be2 g5 14.Bh5+ Kg8 
15.Nxe6 Na6 16.g4 dxc4 17.Rg1 Bd5 18.Nf4 gxf4 
19.gxf5+ Kf8 20.f6 Nf5 21.c3 Rg8 22.Rg6 Rxg6 
23.Bxg6 Nh4 24.Bh5 Bf7 25.Bg4 c6 26.Kf1 h5 27.Bh3 
Nc7 28.Bxf4 Be6 29.Bh6+ Kf7 30.Bxe6+ Kxe6 31.Ke2 
Rg8 32.Bg7 Nf5 33.Rg1 Nxg7 34.Rxg7 Rxg7 35.fxg7 
Kf7 36.g8Q+ Kxg8 37.Ke3 Nd5+ 38.Kd2 Kf7 39.a4 a5 
40.h3 Ke6 41.h4 Kf5 42.f3 Kf4 43.Ke2 Nxc3+ 44.Kf2 
Nd5 0-1

[Event "HCL-A039"]
[Site "www.playchess.de"]
[Date "2001.02.05"]
[Round "5"]
[White "bondegnasker"]
[Black "mrchess"]
[WhiteElo "1621"]
[BlackElo "1551"]
[PlyCount "69"]
[Result "1-0"]

1.d4 d6 2.Nf3 Nf6 3.c4 Nbd7 4.Nc3 e5 5.g3 c6 6.Bg2 
Be7 7.O-O O-O 8.b3 Qc7 9.e4 Re8 10.Bb2 h6 11.h3 
Bf8 12.Qc2 a6 13.Rac1 Be7 14.Rfd1 Nh7 15.c5 exd4 
16.cxd6 Bxd6 17.Nxd4 Ndf6 18.f4 Bc5 19.Kh2 Nf8 
20.e5 Bxd4 21.Rxd4 N6d7 22.Ne4 Ne6 23.Rd2 Nb6 
24.Nd6 Rd8 25.Rcd1 g6 26.f5 Nf8 27.Nxf7 Rxd2 
28.Nxh6+ Kh7 29.Qxd2 Bxf5 30.Nxf5 gxf5 31.Qg5 Qf7 
32.Rd4 Ng6 33.Rd6 Re8 34.Qh5+ Kg8 
35.Rxg6+ 1-0

[Event "HCL-A039"]
[Site "www.playchess.de"]
[Date "2001.02.05"]
[Round "6"]
[White "Leonardo"]
[Black "bondegnasker"]
[WhiteElo "1700"]
[BlackElo "1621"]
[PlyCount "52"]
[Result "0-1"]

1.e4 e6 2.d4 d5 3.Nc3 Bb4 4.Nge2 dxe4 5.Bd2 Nf6 
6.Nxe4 Nxe4 7.Bxb4 Nc6 8.Ba3 Qf6 9.f3 Nd6 10.b3 
O-O 11.Qd2 Rd8 12.O-O-O Nf5 13.Bb2 Nfxd4 14.Bxd4 
Nxd4 15.Nxd4 e5 16.Qc3 Qf4+ 17.Kb1 exd4 18.Qb4 a5 
19.Qe7 Be6 20.Be2 a4 21.g3 Qe5 22.Rhe1 axb3 
23.cxb3 Qa5 24.a3 Bxb3 25.Rdc1 Qd2 26.Red1 
Qa2+ 0-1

[Event "HCL-A039"]
[Site "www.playchess.de"]
[Date "2001.02.05"]
[Round "7"]
[White "nomad"]
[Black "damage_kase"]
[WhiteElo "1689"]
[BlackElo "1333"]
[PlyCount "33"]
[Result "1-0"]

1.e4 e6 2.d4 d5 3.Nc3 dxe4 4.Nxe4 Be7 5.Nf3 Nf6 
6.Nxf6+ Bxf6 7.Be3 O-O 8.Qd2 b6 9.O-O-O Bb7 10.Ng5 
Qd7 11.Qd3 g6 12.h4 Nc6 13.c3 a5 14.h5 Qe7 15.Nxh7 
Kxh7 16.hxg6+ Kg8 17.g7 1-0

[Event "HCL-A039"]
[Site "www.playchess.de"]
[Date "2001.02.05"]
[Round "8"]
[White "mrchess"]
[Black "nomad"]
[WhiteElo "1551"]
[BlackElo "1689"]
[PlyCount "105"]
[Result "1-0"]

1.d4 d5 2.c4 e6 3.Nc3 Nf6 4.cxd5 exd5 5.Qc2 Bb4 
6.Bg5 Nc6 7.e3 O-O 8.Bd3 h6 9.Bh4 g5 10.Bg3 Ne4 
11.Bxe4 dxe4 12.Qxe4 Re8 13.Qd3 Qxd4 14.Qxd4 Nxd4 
15.O-O-O Bxc3 16.bxc3 Nb5 17.Kb2 Bg4 18.Nf3 Bxf3 
19.gxf3 Red8 20.h4 Rxd1 21.Rxd1 gxh4 22.Bxh4 Nd6 
23.Kb3 b5 24.Be7 Nc4 25.Bf6 a5 26.Rg1+ Kf8 27.Bg7+ 
Ke7 28.Bxh6 Nd2+ 29.Kc2 Nxf3 30.Rg3 Ne5 31.e4 Rd8 
32.Bg5+ f6 33.Be3 Kf7 34.Rh3 c6 35.Bd4 Ke6 36.f4 
Nd7 37.Bf2 Rg8 38.Rh2 Rg4 39.Be3 Rg3 40.Kd2 Kd6 
41.Bf2 Rf3 42.Be1 Kc5 43.Rh4 Kc4 44.Ke2 Rd3 45.e5 
f5 46.Rh8 Nb6 47.Rh6 c5 48.Rxb6 Rh3 49.Rf6 Rh2+ 
50.Bf2 Kxc3 51.e6 Rh8 52.e7 Re8 
53.Bxc5 1-0

[Event "HCL-A039"]
[Site "www.playchess.de"]
[Date "2001.02.05"]
[Round "9"]
[White "nomad"]
[Black "Leonardo"]
[WhiteElo "1689"]
[BlackElo "1700"]
[PlyCount "39"]
[Result "1-0"]

1.f4 e5 2.fxe5 d6 3.exd6 Bxd6 4.Nf3 g5 5.d4 g4 
6.Ng5 Qe7 7.Qd3 f5 8.h3 Nc6 9.a3 h6 10.hxg4 fxg4 
11.Qg6+ Kf8 12.e3 Nxd4 13.Bd3 Be5 14.exd4 Bxd4+ 
15.Kd1 hxg5 16.Rf1+ Nf6 17.Bxg5 g3 18.Bxf6 Bg4+ 
19.Qxg4 Bxf6 20.Qg6 1-0

[Event "HCL-A039"]
[Site "www.playchess.de"]
[Date "2001.02.05"]
[Round "10"]
[White "bondegnasker"]
[Black "nomad"]
[WhiteElo "1621"]
[BlackElo "1689"]
[PlyCount "39"]
[Result "1-0"]

1.d4 d5 2.c4 dxc4 3.Nf3 a6 4.e3 Bg4 5.Bxc4 e6 
6.Qb3 Bxf3 7.gxf3 b5 8.Be2 c5 9.dxc5 Bxc5 10.Rg1 
Qf6 11.Bd2 Nd7 12.Bc3 e5 13.f4 Rd8 14.fxe5 Nxe5 
15.Bxb5+ Kf8 16.Be2 Ne7 17.Nd2 Nf5 18.Ne4 Qc6 
19.Nxc5 Qxc5 20.Bb4 1-0

[Event "HCL-A039"]
[Site "www.playchess.de"]
[Date "2001.02.05"]
[Round "11"]
[White "damage_kase"]
[Black "anthon_der_schreck"]
[WhiteElo "1333"]
[BlackElo "1700"]
[PlyCount "76"]
[Result "0-1"]

1.d4 Nf6 2.c4 g6 3.Nc3 Bg7 4.e4 d6 5.f3 O-O 6.Be3 
Nc6 7.Qd2 a6 8.Nge2 Rb8 9.Nc1 e5 10.Nb3 exd4 
11.Nxd4 Bd7 12.Nxc6 Bxc6 13.Bh6 Nxe4 14.fxe4 Qh4+ 
15.g3 Qxh6 16.O-O-O Qxd2+ 17.Kxd2 Bxc3+ 18.Kxc3 
Bxe4 19.Rg1 Rbe8 20.Bg2 f5 21.a3 Re5 22.Bxe4 fxe4 
23.Rd5 Rxd5 24.cxd5 Re8 25.Re1 Re5 26.Kd4 Kf7 
27.Rxe4 Rxe4+ 28.Kxe4 c6 29.b4 cxd5+ 30.Kxd5 Ke7 
31.a4 Kd7 32.b5 axb5 33.axb5 b6 34.h3 h6 35.g4 g5 
36.Ke4 Ke6 37.Ke3 Kd5 38.Kf3 Kd4 0-1

[Event "HCL-A039"]
[Site "www.playchess.de"]
[Date "2001.02.05"]
[Round "12"]
[White "anthon_der_schreck"]
[Black "mrchess"]
[WhiteElo "1700"]
[BlackElo "1551"]
[PlyCount "47"]
[Result "1-0"]

1.d4 d6 2.e4 Nf6 3.Nc3 Nbd7 4.f4 e5 5.Nf3 exd4 
6.Qxd4 Be7 7.Be2 O-O 8.Bd2 c6 9.O-O-O Qb6 10.h3 
Qxd4 11.Nxd4 Nc5 12.Bf3 Re8 13.Rhe1 h6 14.g4 Bf8 
15.Kb1 Nh7 16.Be3 Ne6 17.Nf5 Rd8 18.Bg2 g5 19.fxg5 
hxg5 20.Reh1 Ng7 21.Nh6+ Kh8 22.Nxf7+ Kg8 23.Nxd8 
Bd7 24.Nxb7 1-0

[Event "HCL-A039"]
[Site "www.playchess.de"]
[Date "2001.02.05"]
[Round "15"]
[White "nomad"]
[Black "anthon_der_schreck"]
[WhiteElo "1689"]
[BlackElo "1700"]
[PlyCount "52"]
[Result "0-1"]

1.e4 g6 2.d4 Bg7 3.f4 d5 4.e5 Nh6 5.Nf3 Bf5 6.Nc3 
Nc6 7.Bd3 Bg4 8.Be3 Nf5 9.Bxf5 Bxf5 10.Ng5 h6 
11.g4 Bd7 12.Nh3 h5 13.Nf2 hxg4 14.Nxg4 Rh4 15.Nf2 
Bf5 16.Nd3 e6 17.Ne2 Be4 18.O-O Rg4+ 19.Ng3 Qh4 
20.Qe1 O-O-O 21.Qf2 Ne7 22.Ne1 Nf5 23.Ng2 Nxg3 
24.hxg3 Rxg3 25.Rfd1 Qh3 26.Rd2 
Rh8 0-1

[Event "HCL-A039"]
[Site "www.playchess.de"]
[Date "2001.02.05"]
[Round "16"]
[White "Flash_Force"]
[Black "damage_kase"]
[WhiteElo "1700"]
[BlackElo "1333"]
[PlyCount "49"]
[Result "1-0"]

1.e4 e6 2.d4 d5 3.Nd2 Nf6 4.e5 Nfd7 5.Bd3 c5 6.c3 
Nc6 7.Ngf3 a6 8.O-O b5 9.Re1 c4 10.Bc2 b4 11.Nf1 
Qa5 12.Bd2 f6 13.exf6 Nxf6 14.Ng5 Bd6 15.Nxe6 Bxe6 
16.Rxe6+ Kd7 17.Bf5 Kc7 18.Rxd6 Kxd6 19.Bf4+ Ke7 
20.Qe2+ Kd8 21.Qe6 Qb6 22.Qd6+ Ke8 23.Re1+ Kf7 
24.Qe6+ Kf8 25.Bd6+ 1-0

[Event "HCL-A039"]
[Site "www.playchess.de"]
[Date "2001.02.05"]
[Round "17"]
[White "mrchess"]
[Black "Flash_Force"]
[WhiteElo "1551"]
[BlackElo "1700"]
[PlyCount "53"]
[Result "1-0"]

1.d4 f5 2.g3 Nf6 3.Bg2 e6 4.Nf3 Be7 5.O-O O-O 6.c4 
d6 7.Nc3 Qe8 8.Re1 Qg6 9.e4 fxe4 10.Nxe4 Nxe4 
11.Rxe4 Nc6 12.Qe2 e5 13.dxe5 Bf5 14.exd6 Qxd6 
15.Bf4 Qc5 16.Re3 Bg4 17.Rd1 Rad8 18.Rxd8 Bxd8 
19.Qd2 Qxc4 20.Ng5 Nd4 21.b3 Qc5 22.Re5 Qd6 
23.Bd5+ Kh8 24.Qxd4 h6 25.Re6 Rxf4 26.Re8+ Rf8 
27.Nf7+ 1-0

[Event "HCL-A039"]
[Site "www.playchess.de"]
[Date "2001.02.05"]
[Round "18"]
[White "Flash_Force"]
[Black "Leonardo"]
[WhiteElo "1700"]
[BlackElo "1700"]
[PlyCount "29"]
[Result "1-0"]

1.e4 d5 2.exd5 Nf6 3.d4 Nxd5 4.c4 Nb6 5.Nf3 Nc6 
6.d5 Na5 7.Bd2 Naxc4 8.Bxc4 Nxd5 9.Bg5 Be6 10.Qb3 
h6 11.Qxb7 hxg5 12.Bb5+ Bd7 13.Bxd7+ Kxd7 14.Qxd5+ 
Ke8 15.Qc6+ 1-0

[Event "HCL-A039"]
[Site "www.playchess.de"]
[Date "2001.02.05"]
[Round "21"]
[White "anthon_der_schreck"]
[Black "Flash_Force"]
[WhiteElo "1700"]
[BlackElo "1700"]
[PlyCount "41"]
[Result "1-0"]

1.d4 f5 2.h3 Nf6 3.g4 d5 4.Bg2 fxg4 5.Nc3 c5 
6.dxc5 e6 7.hxg4 Bxc5 8.e3 Nc6 9.g5 Nd7 10.Nf3 O-O 
11.Nxd5 Rxf3 12.Bxf3 exd5 13.Bxd5+ Kf8 14.Qf3+ Ke7 
15.Qf7+ Kd6 16.e4 Qe7 17.Bf4+ Nde5 18.Qxe7+ Kxe7 
19.Rxh7 Ng6 20.Rxg7+ Kf8 21.Rxg6 1-0

[Event "HCL-B083"]
[Site "www.playchess.de"]
[Date "2001.02.05"]
[Round "2"]
[White "paule"]
[Black "burrango"]
[WhiteElo "1762"]
[BlackElo "1554"]
[PlyCount "55"]
[Result "1-0"]

1.e4 g6 2.d4 d6 3.f4 b6 4.Nf3 c5 5.d5 e6 6.c4 Nf6 
7.Nc3 Bg7 8.Be2 O-O 9.O-O Re8 10.dxe6 Bxe6 11.Ng5 
Nc6 12.Nb5 a6 13.Nxd6 Re7 14.e5 Ne8 15.Bf3 Nxd6 
16.Nxe6 Rxe6 17.Bxc6 Rb8 18.exd6 Rxd6 19.Bd5 b5 
20.Qe2 bxc4 21.Bxc4 a5 22.f5 Rdb6 23.fxg6 hxg6 
24.Rxf7 Bd4+ 25.Kh1 Qh4 26.Rf4+ Kg7 27.Rxh4 Bxb2 
28.Qe7+ 1-0

[Event "HCL-B083"]
[Site "www.playchess.de"]
[Date "2001.02.05"]
[Round "3"]
[White "Chessamateur"]
[Black "paule"]
[WhiteElo "1412"]
[BlackElo "1762"]
[PlyCount "56"]
[Result "0-1"]

1.d4 c5 2.c3 Nf6 3.Nf3 e6 4.Bg5 b6 5.e3 Bb7 6.Nbd2 
Be7 7.Bd3 d5 8.O-O O-O 9.Re1 Nbd7 10.c4 Rc8 11.Rc1 
h6 12.Bxf6 Nxf6 13.cxd5 exd5 14.Ne5 Nd7 15.Ndf3 
Nxe5 16.Nxe5 Bf6 17.f4 Bxe5 18.fxe5 cxd4 19.exd4 
Qh4 20.Qa4 a5 21.Rcd1 Bc6 22.Bb5 Bxb5 23.Qxb5 Rc2 
24.Re2 Qg4 25.Kf1 Rfc8 26.Ke1 R8c4 27.Qe8+ Kh7 
28.Rxc2 Rxc2 0-1

[Event "HCL-B083"]
[Site "www.playchess.de"]
[Date "2001.02.05"]
[Round "4"]
[White "burrango"]
[Black "costajr"]
[WhiteElo "1554"]
[BlackElo "1500"]
[PlyCount "72"]
[Result "0-1"]

1.d4 Nf6 2.c4 d5 3.Nc3 g6 4.e3 Bg7 5.Nf3 Bg4 6.Be2 
O-O 7.O-O c6 8.c5 Nbd7 9.b4 Re8 10.Bd2 Ne4 11.Nxe4 
dxe4 12.Ne1 Bxe2 13.Qxe2 e5 14.Bc3 exd4 15.Bxd4 
Ne5 16.Rd1 Qg5 17.a4 Rad8 18.Bc3 Nf3+ 19.Nxf3 exf3 
20.Qxf3 Bxc3 21.b5 Qf6 22.Qxf6 Bxf6 23.b6 a6 
24.Rd6 Be7 25.Rd4 Bxc5 26.Rxd8 Rxd8 27.a5 Bb4 
28.Ra1 Bxa5 29.g3 Bb4 30.f4 c5 31.h4 c4 32.Ra4 c3 
33.Rxb4 c2 34.Rc4 Rd1+ 35.Kf2 c1Q 36.Rxc1 
Rxc1 0-1

[Event "HCL-B083"]
[Site "www.playchess.de"]
[Date "2001.02.05"]
[Round "5"]
[White "costajr"]
[Black "Chessamateur"]
[WhiteElo "1500"]
[BlackElo "1412"]
[PlyCount "46"]
[Result "0-1"]

1.e4 c5 2.Nf3 d6 3.d4 cxd4 4.Nxd4 Nf6 5.Nc3 g6 
6.Be3 Bg7 7.Be2 O-O 8.O-O a6 9.f4 e6 10.a4 d5 
11.e5 Ne4 12.Nxe4 dxe4 13.g3 Bd7 14.Nb3 Bc6 15.Nd4 
Qc7 16.Nxc6 Nxc6 17.c3 Ne7 18.Qc2 Qc6 19.Bg4 Nf5 
20.Bf2 e3 21.Bf3 Qxf3 22.Be1 Qc6 23.g4 
Nd4 0-1

[Event "HCL-B083"]
[Site "www.playchess.de"]
[Date "2001.02.05"]
[Round "6"]
[White "paule"]
[Black "costajr"]
[WhiteElo "1762"]
[BlackElo "1500"]
[PlyCount "39"]
[Result "1-0"]

1.e4 c5 2.c3 Nf6 3.e5 Nd5 4.d4 cxd4 5.cxd4 e6 
6.Nf3 a6 7.Nc3 Bb4 8.Bd2 b5 9.Nxd5 Bxd2+ 10.Qxd2 
exd5 11.Bd3 d6 12.Qf4 dxe5 13.Qxe5+ Be6 14.Qxg7 
Kd7 15.Ne5+ Kc7 16.O-O Rg8 17.Rfc1+ Kb7 18.Nxf7 
Bxf7 19.Qxf7+ Nd7 20.Qxd5+ 1-0

[Event "HCL-B083"]
[Site "www.playchess.de"]
[Date "2001.02.05"]
[Round "7"]
[White "msmsk"]
[Black "burrango"]
[WhiteElo "1549"]
[BlackElo "1554"]
[PlyCount "75"]
[Result "1-0"]

1.b4 g6 2.Bb2 Nf6 3.c4 Bg7 4.e3 O-O 5.Nf3 b6 6.Be2 
Bb7 7.O-O d6 8.d4 Nbd7 9.Nbd2 a5 10.b5 c6 11.bxc6 
Bxc6 12.Re1 Re8 13.Rb1 Ne4 14.d5 Nxd2 15.dxc6 Nxb1 
16.Bxg7 Kxg7 17.cxd7 Qxd7 18.Qd4+ f6 19.Rxb1 Rab8 
20.Rxb6 Qa4 21.Rb2 Rb4 22.Bd1 Qa3 23.Rxb4 axb4 
24.Bb3 Qc1+ 25.Qd1 Qxd1+ 26.Bxd1 h5 27.Ne1 Rc8 
28.Bb3 f5 29.Nd3 d5 30.cxd5 Rc3 31.Ne1 Kf6 32.Kf1 
Ke5 33.Ke2 g5 34.Nd3+ Kf6 35.Kd2 g4 36.Nxb4 Rc7 
37.d6 exd6 38.Nd5+ 1-0

[Event "HCL-B083"]
[Site "www.playchess.de"]
[Date "2001.02.05"]
[Round "9"]
[White "msmsk"]
[Black "paule"]
[WhiteElo "1549"]
[BlackElo "1762"]
[PlyCount "56"]
[Result "0-1"]

1.b4 e5 2.Bb2 Bxb4 3.Bxe5 Nf6 4.c4 O-O 5.Nf3 Re8 
6.e3 d5 7.cxd5 Nxd5 8.Be2 Rxe5 9.Nxe5 Qf6 10.f4 
Nxe3 11.Qb3 Nxg2+ 12.Kd1 Nxf4 13.Qxb4 Qxe5 14.Qb5 
Qxe2+ 15.Qxe2 Nxe2 16.Kxe2 Nc6 17.Nc3 Bf5 18.Ke3 
Rd8 19.Rhf1 Bg6 20.Rae1 Ne5 21.h4 c5 22.h5 Bxh5 
23.Rf5 Nd3 24.Rg1 Bg6 25.Rfg5 f6 26.R5g3 Kf7 27.a4 
b6 28.Rh1 Ke6 0-1